Požární zkouška na experimentálním objektu v Mokrsku : program zkoušky 18.9.2008 /

Main Author: Wald, František, 1953-
Language: Czech
English
Published: Praha : České vysoké učení technické v Praze, 2008
Subjects:
Physical Description: 30 s. : il. ; 30 cm
Language note: Část. souběžný anglický text, anglické resumé
Book
Saved in:
LEADER 01604nam a2200433 a 4500
001 nkc20081821768
003 CZ PrNK
005 20130823125720.0
007 ta
008 080930s2008 xr a f 000 0 cze
015 |a cnb001821768 
020 |a 978-80-01-04146-8  |q (brož.) 
035 |a (OCoLC)320203092 
040 |a OLA001  |b cze  |d ABA001 
041 1 |a cze  |a eng  |b eng  |h cze 
072 7 |a 699.8  |x Ochrana budov  |2 Konspekt  |9 19 
080 |a 699.81  |2 MRF 
080 |a 614.841:620.1  |2 MRF 
080 |a (048.8)  |2 MRF 
100 1 |a Wald, František,  |d 1953-  |7 jn20001227071  |4 aut 
245 1 0 |a Požární zkouška na experimentálním objektu v Mokrsku :  |b program zkoušky 18.9.2008 /  |c [Wald F.] 
260 |a Praha :  |b České vysoké učení technické v Praze,  |c 2008 
300 |a 30 s. :  |b il. ;  |c 30 cm 
500 |a Název z obálky 
500 |a Popsáno podle dotisku 2008; na 1. s. textu původní nakl. údaje a počet výt., údaje o dotisku na zadní s. obálky 
500 |a 200 výt., dotisk 250 výt. 
504 |a Obsahuje bibliografie 
546 |a Část. souběžný anglický text, anglické resumé 
650 0 7 |a požární bezpečnost staveb  |7 ph159647  |2 czenas 
650 0 7 |a požární zkoušky  |7 ph675377  |2 czenas 
650 0 9 |a fire safety of buildings  |2 eczenas 
650 0 9 |a fire tests  |2 eczenas 
655 7 |a monografie  |7 fd132842  |2 czenas 
655 9 |a monographs  |2 eczenas 
910 2 |a BOA001  |b 4-1214.011 
990 |a BK 
995 |a 01 
991 |b 200811  |c NOV 
996 6 |b 2610358786  |c 4-1214.011  |l MZK  |r Sklad / do 1 hodiny  |n 1  |p p.v.  |w 000914702  |u 000010  |a 1  |e BOA001  |j MZK50  |s P